000 00663nam a2200265Ia 4500
005 20260121171918.0
008 008 260114s9999 xx 000 0 eng d
020 _a9789811527968
037 _aEBOOK
040 _aCRL
040 _beng
040 _cCRL
041 _2eng
041 _aeng
084 _qCRL
100 _aJabin T. Jacob, The Anh Hoang
_91081981
245 0 _aChina’s Search for ‘National Rejuvenation’
260 _bSpringer
260 _bSpringer
260 _c2020
856 _uhttps://link.springer.com/openurl?genre=book&isbn=978-981-15-2796-8
942 _cEBOOK
999 _c1647714
_d1647714